[Event "2019 Australian Open"]
[Site "chess24.com"]
[Date "2018.12.28"]
[Round "4.7"]
[White "Bjelobrk, Igor"]
[Black "Rujevic, Mirko"]
[Result "1/2-1/2"]
[WhiteElo "2401"]
[BlackElo "2092"]

1.d4 Nf6 2.c4 g6 3.Nc3 Bg7 4.e4 d6 5.Nf3 O-O 6.Be2 e5 7.d5 Na6 8.Nd2 c5 9.g4
Nc7 10.h4 h6 11.g5 Nh7 12.gxh6 Bxh6 13.h5 Bf4 14.Nf1 a6 15.a4 Bd7 16.Rg1 g5
17.Bg4 Ne8 18.Ne3 Kh8 19.Ra3 Rb8 20.Rb3 b6 21.Qe2 Nef6 22.Bxd7 Qxd7 23.Kd1 Ng8
24.f3 Nh6 25.Ng4 Nxg4 26.fxg4 Nf6 27.Kc2 Kg7 {_MARK:DIAGRAM_} {#d} 1/2-1/2

[Event "2019 Australian Open"]
[Site "chess24.com"]
[Date "2018.12.28"]
[Round "4.9"]
[White "Dale, Ari"]
[Black "Dowden, R. Anthony"]
[Result "0-1"]
[WhiteElo "2371"]
[BlackElo "2044"]

1.d4 e6 2.c4 Nf6 3.Nc3 c5 4.d5 exd5 5.cxd5 d6 6.e4 g6 7.Bd3 Bg7 8.h3 O-O 9.Nf3
a6 10.a4 Nh5 11.Bg5 Bf6 12.Be3 Bg7 13.O-O Nd7 14.g4 Nhf6 15.Nd2 h5 16.f4 hxg4
17.e5 dxe5 18.f5 e4 19.Ndxe4 Ne5 20.Bg5 Nf3+ 21.Kh1 Nxg5 22.Nxg5 Nxd5?
(22...Bh6!) 23.Qxg4 Bf6 24.Nce4 Bxg5 25.Nxg5 Nf6 26.Qg3 Nh5 27.Qe3 Re8
{_MARK:DIAGRAM_} 28.Qf3?? (28.Ne4 {was OK.}) 28...Qxg5 29.fxg6 Ng3+ 30.Kh2
Nxf1+ 31.Rxf1 f6 32.Bc4+ Kg7 {#R} 0-1

[Event "2019 Australian Open"]
[Site "chess24.com"]
[Date "2018.12.28"]
[Round "4.6"]
[White "Liu, Xiangyi"]
[Black "Jordan, William"]
[Result "1-0"]
[WhiteElo "2439"]
[BlackElo "2181"]

1.e4 Nf6 2.e5 Nd5 3.d4 d6 4.c4 Nb6 5.exd6 exd6 6.Nc3 Be7 7.Be2 O-O 8.Nf3 Re8
9.O-O Bg4 10.Be3 Nc6 11.b3 Bf6 12.Rc1 d5 13.c5 Nc8 14.h3 Bf5 15.Nh2 h6 16.Qd2
N8e7 17.Ng4 Bxg4 18.hxg4 Ng6 19.g3 Nf8 20.Bf3 Ne7 21.Rfe1 Ne6 22.Bg2 c6 23.f4
b6 24.cxb6 axb6 25.g5 {_MARK:DIAGRAM_} Nf5?? {Missing a sneaky tactic that
would have saved the piece.   Can you see it?} (25...hxg5 26.fxg5 Nf5
(26...Be5 27.dxe5 d4)) 26.gxf6 Nxg3 27.fxg7 Qh4 28.Qf2 Qg4 29.Kh2 Nf5 30.Bh3
Qh5 31.Qe2 Qh4 32.Qg4 Nexd4 33.Bxd4 Rxe1 34.Qxh4 Nxh4 35.Rxe1 Nf3+ 36.Kg3 Nxe1
37.Bf5 c5 38.Bf6 d4 39.Nd5 Re8 40.Kf2 d3 41.Be5 Rxe5 42.fxe5 d2 43.Ke2 b5
44.Be4 c4 45.bxc4 bxc4 46.Kxd2 Nd3 47.Bxd3 {#r} 1-0

[Event "2019 Australian Open"]
[Site "chess24.com"]
[Date "2018.12.28"]
[Round "4.11"]
[White "Ryjanova, Julia"]
[Black "Mallari, Donato"]
[Result "1-0"]
[WhiteElo "2308"]
[BlackElo "1969"]

1.Nf3 g6 2.g3 Bg7 3.d4 c5 4.c3 d5 5.Bg2 Nc6 6.dxc5 e5 7.Na3 a6 8.O-O Nge7 9.e3
O-O 10.c4 d4 11.exd4 exd4 12.Bf4 Re8 13.Qd2 d3 14.Rfe1 Bf5 15.Rad1 Qd7 16.Nh4
Bg4 17.Qxd3 Qxd3 18.Rxd3 Bxb2 19.Rb3 Bxa3 20.Rxa3 Be6 21.Rae3 Red8 22.Bg5 Rd7
23.Bf6 {_MARK:DIAGRAM_} h6? {Black has a difficult game but this sheds another
pawn.} 24.Bxc6 Nxc6 25.Nxg6 Nd4 26.Ne5 Rdd8 27.Bxd8 Rxd8 28.Rb1 Bh3 29.f3 Nc2
30.Re2 Nd4 31.Rf2 Re8 32.Re1 Rc8 33.Rd2 Ne6 34.c6 bxc6 35.Kf2 Bf5 36.g4 Bh7
37.Nxf7 Nc5 38.Nxh6+ Kh8 39.Re7 {#r} 1-0

[Event "2019 Australian Open"]
[Site "chess24.com"]
[Date "2018.12.28"]
[Round "4.10"]
[White "Zulfic, Fedja"]
[Black "Goldenberg, Igor"]
[Result "1/2-1/2"]
[WhiteElo "2204"]
[BlackElo "2358"]

1.d4 Nf6 2.c4 g6 3.Nc3 Bg7 4.e4 d6 5.Be2 O-O 6.Be3 e5 7.d5 a5 8.g4 Na6 9.h4
Nc5 10.f3 c6 11.h5 cxd5 12.cxd5 Bd7 13.Nh3 a4 14.Qd2 Qa5 15.Nd1 Qd8 16.Nhf2 b5
17.Bh6 Qe7 18.Qg5 Rfb8 19.Ne3 Qf8 20.Bxg7 Qxg7 21.h6 Qh8 22.Nd3 Ne8 23.Qe7 Qf6
24.Qxf6 Nxd3+ 25.Bxd3 Nxf6 26.Kd2 Kf8 27.Rac1 Ke7 28.Nc2 b4 29.Ne3 Ne8 30.Be2
f6 31.Bd3 Kd8 32.Nc4 Ra7 33.Be2 Ke7 34.Bd3 Nc7 35.Ne3 Na8 36.Rc4 Kd8 37.Rf1
Nc7 38.Rcc1 Ke7 39.Rh1 Kf7 40.Rhg1 Ke7 {_MARK:DIAGRAM_} {#d} 1/2-1/2

[Event "2019 Australian Open"]
[Site "chess24.com"]
[Date "2018.12.28"]
[Round "4.2"]
[White "Cheng, Bobby"]
[Black "Chow, Samuel"]
[Result "1-0"]
[WhiteElo "2510"]
[BlackElo "2331"]

1.Nf3 Nf6 2.c4 g6 3.Nc3 d5 4.cxd5 Nxd5 5.h4 Bg7 6.e4 Nxc3 7.dxc3 Qxd1+ 8.Kxd1
h6 9.Bf4 c6 10.Kc2 Nd7 11.Nd2 Be5 12.Be3 Bc7 13.f3 b6 14.a4 a6 15.Be2 Bb7
16.Rhd1 O-O-O 17.b4 Kb8 18.Nc4 f5 19.exf5 gxf5 20.Rd2 f4 21.Bg1 Rhg8 22.Bf1 b5
23.Nb2 Nb6 24.Rxd8+ Rxd8 25.Re1 Nd5 26.Nd3 Bc8 27.Nc5 Rg8 28.Kb3 Bd6 29.c4 Nc7
30.Kc3 Bf5 31.Bd4 h5 32.Re2 Rg6 33.Ra2 e5 34.Bg1 Bxc5 35.Bxc5 e4 36.fxe4 Bxe4
37.Kd4 Bf5 38.axb5 axb5 39.cxb5 cxb5 40.Ke5 Bc8 41.Bd3 {White is clearly
better but Black could fight on with 41...Re6+, instead he played...
_MARK:DIAGRAM_} Rg4?? 42.Ba7+ Ka8 43.Be4+ Bb7 44.Bb6+ Kb8 45.Bxc7+ Kxc7 46.Ra7
{#r} 1-0

[Event "2019 Australian Open"]
[Site "chess24.com"]
[Date "2018.12.28"]
[Round "4.1"]
[White "Smirnov, Anton"]
[Black "Ikeda, Junta"]
[Result "1/2-1/2"]
[WhiteElo "2553"]
[BlackElo "2421"]

1.e4 c5 2.Nf3 d6 3.Nc3 Nf6 4.d4 cxd4 5.Nxd4 a6 6.Be3 Nbd7 7.f3 e6 8.Qd2 h5
9.a4 b6 10.Bc4 Ne5 11.Ba2 Qc7 12.Qe2 Be7 13.f4 Neg4 14.Bd2 h4 15.h3 Nh6 16.Rf1
g6 17.O-O-O Bd7 18.Be1 b5 19.axb5 axb5 20.Ndxb5 Qb8 21.Kb1 Ra5 22.Nd4 Qa8
23.Ncb5 O-O 24.Bxa5 Qxa5 25.Nc3 Ra8 26.f5 d5 27.Nb3 Qa7 28.Qf2 Nxe4 29.Qxa7
Nxc3+ 30.bxc3 Rxa7 31.fxg6 fxg6 32.Nd4 Nf5 33.Rfe1 Kf7 34.Nf3 Kf6 35.Bb3 Bc5
36.Ne5 Bb5 37.Rd2 Ng3 38.Nd3 Bb6 39.Nf2 Rc7 40.Kb2 Ba5 41.Re3 Nf1 42.Rf3+ Ke7
43.Rd4 Nh2 44.Re3 Nf1 45.Rf3 Nh2 {_MARK:DIAGRAM_} 46.Rfd3?! {Anton should
repeat the position and take a draw but bravely plays for more.} Bxd3 47.Rxd3
Nf1 48.Ng4 Ng3 49.Ne3 Ne4 50.Bxd5!? {50.Nd1 objectively was best but Black has
all the play.} Nf2 51.Bc4 Bb6 52.Rd4 Bxd4 53.cxd4 Nd1+ 54.Nxd1 Rxc4 55.c3 {The
position has clarified and Black should win comfortably but good players often
have to be beaten several times in the game before you get the full point.
_MARK:DIAGRAM_} Rc8 56.Kc2 Kf6 57.Kd3 Kf5 58.Ke3 g5 59.Kf3 g4+ 60.hxg4+ Kg5
61.Ke4 Kxg4 62.Ne3+ Kg3 63.c4 Ra8 64.d5 exd5+ 65.cxd5 Re8+ 66.Kd4 Kf4 67.Nf1
{If Black find the best move here White is as dead as a Dodo.   What would you
play? _MARK:DIAGRAM_} Re2?? {Throwing the win away.  67...Re1 68.Nd2 Re2 was
the way to go.} 68.d6 Rxg2 69.d7 Rg8 70.Kd5 Kf5 71.Kd6 Kf6 72.Nh2 h3 73.Ng4+
Kg5 74.Nh2 1/2-1/2

[Event "2019 Australian Open"]
[Site "chess24.com"]
[Date "2018.12.28"]
[Round "4.8"]
[White "Clarke, Brandon G I"]
[Black "Yang, Ray"]
[Result "1-0"]
[WhiteElo "2386"]
[BlackElo "2065"]

1.e4 e6 2.d4 d5 3.Nc3 Bb4 4.e5 c5 5.a3 Bxc3+ 6.bxc3 Qa5 7.Bd2 Qa4 8.Qb1 Nd7
9.Bb5 Qa5 10.c4 Qc7 11.cxd5 exd5 12.Nf3 c4 13.c3 a6 14.Ba4 b5 15.Bc2 Nf8 16.a4
bxa4 17.Rxa4 Ne7 18.Bc1 Ne6 19.Ba3 Bd7 20.Bd6 Qd8 21.Ra2 Nc8 22.Ba3 Na7 23.Bb4
Nb5 24.Ba5 Qe7 25.O-O Nf4 26.Kh1 Qe6 27.Ng1 g6 28.Bb4 Qb6 29.Qc1 Ne6 30.Ba5
Qc6 31.Qh6 Qc8 32.f4 Nbc7 33.g4 Nd8 34.f5 Nc6 {_MARK:DIAGRAM_} 35.e6 Nxe6
36.fxe6 Bxe6 37.Ba4 Bxg4 38.Qg7 Rf8 39.Bb4 {#r} 1-0

[Event "2019 Australian Open"]
[Site "?"]
[Date "2018.12.29"]
[Round "4.20"]
[White "Renjith, Sravan"]
[Black "Hamilton, Douglas"]
[Result "1-0"]
[WhiteElo "1901"]
[BlackElo "2086"]
[EventType "swiss"]
[EventRounds "9"]

1.e4 c5 2.b3 Nc6 3.Bb2 d6 4.d3 e5 5.g3 Nf6 6.Bg2 Be7 7.Ne2 Bg4 8.Nd2 Qc7 9.O-O
O-O 10.Nc4 Nd4 11.f3 Be6 12.Ne3 Rab8 13.c3 Nxe2+ 14.Qxe2 b5 15.d4 c4 16.d5 Bc8
17.f4 Nd7 18.Nf5 Bf6 19.Ba3 Nc5 20.bxc4 bxc4 {_MARK:DIAGRAM_} 21.Nxd6 Qxd6
22.Qxc4 Be7 23.fxe5 Qb6 24.d6 Nd7+ 25.Kh1 Ba6 26.Qd5 Bb7 {_MARK:DIAGRAM_}
27.dxe7 Bxd5 28.exf8=Q+ Nxf8 29.exd5 Qe3 30.Bd6 Rb2 31.e6 Qe2 32.exf7+ Kh8
33.Rg1 Ng6 34.Rae1 {#r} 1-0

[Event "2019 Australian Open"]
[Site "chess24.com"]
[Date "2018.12.29"]
[Round "5"]
[White "Liu, Yi"]
[Black "Kuybokarov, Temur"]
[Result "1/2-1/2"]
[WhiteElo "2255"]
[BlackElo "2513"]

1.Nf3 d5 2.d4 Nf6 3.Bf4 c5 4.e3 Nc6 5.Nbd2 Bg4 6.c3 e6 7.Qb3 Qc8 8.h3 Bh5 9.g4
Bg6 10.Nh4 Be7 11.Nxg6 hxg6 12.Bg2 O-O 13.O-O Qd7 14.Rad1 c4 15.Qc2 Bd6
16.Bxd6 Qxd6 17.f4 b5 18.e4 dxe4 19.Nxe4 Nxe4 20.Qxe4 {#d} 1/2-1/2

[Event "2019 Australian Open"]
[Date "2018.12.29"]
[Round "5.19"]
[White "Dale, Ari"]
[Black "Renjith, Sravan"]
[Result "1-0"]
[WhiteElo "2371"]
[BlackElo "1901"]

1.d4 Nf6 2.c4 e6 3.Nc3 Bb4 4.e3 c6 5.Bd3 d5 6.Qc2 O-O 7.Nf3 Nbd7 8.O-O b6
9.Bd2 Bb7? {_MARK:DIAGRAM_} 10.Nxd5! Nxd5 11.cxd5 Bxd2 12.dxe6 fxe6 13.Bxh7+
Kh8 14.Nxd2 Qh4 15.Be4 Nf6 16.g3 Qh6 17.Bg2 Ba6 18.Nc4 g6 19.h3 Nh7 20.Ne5
Bxf1 21.Nxg6+ Kg7 22.Nxf8 Rxf8 23.Rxf1 Ng5 24.h4 Nf3+ 25.Bxf3 Rxf3 26.Qxc6
{#r} 1-0

[Event "2019 Australian Open"]
[Site "chess24.com"]
[Date "2018.12.29"]
[Round "5.11"]
[White "Chow, Samuel"]
[Black "Cannon, David"]
[Result "1-0"]
[WhiteElo "2331"]
[BlackElo "2052"]

1.Nf3 Nf6 2.c4 g6 3.Nc3 Bg7 4.g3 O-O 5.Bg2 d6 6.O-O a6 7.Rb1 e5 8.d3 h6 9.b4
Nh5 10.e4 Be6 11.a4 Qc8 12.b5 b6 13.Nd5 Kh7 14.d4 axb5 15.axb5 exd4 16.Nxd4
Nd7 17.f4 Bxd5 18.cxd5 Re8 19.Nc6 Nc5 20.Qc2 Nf6 21.e5 Ng8 22.Be3 Nb7 23.Be4
Qg4 24.Kg2 dxe5 25.fxe5 {Defending f7 isn't easy.   25...Qd7 runs into 26.e6
_MARK:DIAGRAM_} Ra3 26.Rf4 Qh5 27.Bf3 Qg5 28.h4 {#r} 1-0

[Event "2019 Australian Open"]
[Site "chess24.com"]
[Date "2018.12.29"]
[Round "5.5"]
[White "Richards, Heather S"]
[Black "Liu, Xiangyi"]
[Result "0-1"]
[WhiteElo "2233"]
[BlackElo "2439"]

1.e4 e6 2.d3 d5 3.Qe2 Nf6 4.g3 dxe4 5.dxe4 e5 6.Nf3 Nc6 7.Bg2 Bc5 8.O-O O-O
9.Nbd2 Qe7 10.Nb3 Bd6 11.Nfd2 b6 12.Nc4 Ba6! {A painful pin which Black now
exploits. _MARK:DIAGRAM_} 13.c3 Qe6 14.Nbd2 Na5 15.b3 Bc5 16.h3 Ne8 17.Kh1 Nd6
18.f4 Naxc4 19.bxc4 Bxc4 20.Nxc4 Qxc4 21.Qc2 Nb5 22.Bb2 Nd4 23.Qd1 Ne2 24.Qe1
exf4 25.gxf4 Rad8 26.Kh2 Be3 27.Rf3 Qxe4 28.Rg3 Qd3 29.Bf1 Bxf4 {#R} 0-1

[Event "2019 Australian Open"]
[Site "chess24.com"]
[Date "2018.12.29"]
[Round "5.7"]
[White "Dowden, R. Anthony"]
[Black "Clarke, Brandon G I"]
[Result "1/2-1/2"]
[WhiteElo "2044"]
[BlackElo "2386"]

1.c4 Nf6 2.g3 g6 3.Bg2 Bg7 4.Nf3 O-O 5.Nc3 d6 6.O-O e5 7.d3 Re8 8.Rb1 a5 9.a3
Nc6 10.Bg5 h6 11.Bxf6 Bxf6 12.b4 axb4 13.axb4 Bg4 14.h3 Bd7 15.b5 Nd4 16.Nxd4
exd4 17.Nd5 Ra2 18.Re1 Bg7 19.Nb4 Ra7 20.Ra1 Rxa1 21.Qxa1 h5 22.h4 g5 23.hxg5
Qxg5 24.Qc1 Qxc1 25.Rxc1 Rxe2 26.Bxb7 Bf5 27.Rd1 h4 28.Bf3 Rb2 29.Nd5 Be6
30.gxh4 {White is better but Black can exchange on d5 and get bishops of
opposite colour.  Is it worth playing on? _MARK:DIAGRAM_} {#d} 1/2-1/2

[Event "2019 Australian Open"]
[Date "2018.12.29"]
[Round "5.12"]
[White "Sheldrick, Kevin"]
[Black "Stojic, Dusan"]
[Result "0-1"]
[WhiteElo "2033"]
[BlackElo "2275"]

{This is a really well played game by Black, and a candidate for the
brilliancy prize.} 1.d4 Nf6 2.Nc3 d5 3.Bg5 Nbd7 4.e3 g6 5.f4 Bg7 6.Nf3 c5
7.Bd3 c4 8.Be2 b5 9.a3 Qb6 10.O-O Bb7 11.Qe1 a5 12.Ne5 h6 13.Bh4 O-O 14.g4 b4
15.Na4 Qd6 16.g5 hxg5 17.Bxg5 Ne4 18.Nxd7 Qxd7 19.axb4 axb4 20.Qxb4 Bc6 21.Nc5
Qh3 22.Rxa8 Qxe3+ 23.Kh1 Rxa8 24.Nxe4 Bxd4 25.Qd2 Qxe4+ 26.Bf3
{_MARK:DIAGRAM_} Ra1! 27.Bxe4 (27.Rxa1 Qxf3+ 28.Qg2 Qxg2+ 29.Kxg2 f6 {and
Black is better.}) 27...Rxf1+ 28.Kg2 Rg1+ 29.Kh3 Bd7+ 30.f5 dxe4 31.Qxd4 Bxf5+
32.Kh4 Rg4+ 33.Kh3 Rxg5+ 34.Kh4 Rg4+ 35.Kh3 Kh7 36.Qe3 Rg1+ 37.Kh4 g5+ 38.Kh5
Bg6# 0-1

[Event "2019 Australian Open"]
[Site "chess24.com"]
[Date "2018.12.29"]
[Round "5.1"]
[White "Papin, Vasily"]
[Black "Cheng, Bobby"]
[Result "1/2-1/2"]
[WhiteElo "2483"]
[BlackElo "2510"]

1.c4 e6 2.Nc3 d5 3.d4 Be7 4.Nf3 Nf6 5.Bg5 h6 6.Bxf6 Bxf6 7.e3 O-O 8.Qc2 c6
9.h4 g6 10.g4 Bg7 11.O-O-O Nd7 12.Kb1 Qe7 13.Bd3 dxc4 14.Bxc4 b6 15.e4 Bb7
16.Rhe1 b5 17.Bd3 b4 18.Na4 c5 19.d5 exd5 20.exd5 Qf6 21.Be4 Rfe8 22.g5 hxg5
23.Nxg5 c4 24.Re3 Ne5 25.Nc5 Rab8 26.Nxb7 Rxb7 27.d6 Rbb8 28.Bd5 Rf8 29.d7
Rbd8 {The computer likes 30.Rxe5, Qxe5 31.Bxc4 +1.74 for White!
_MARK:DIAGRAM_} {#d} 1/2-1/2

[Event "2019 Australian Open"]
[Site "chess24.com"]
[Date "2018.12.29"]
[Round "5"]
[White "Johansen, Darryl K"]
[Black "Smirnov, Anton"]
[Result "1/2-1/2"]
[WhiteElo "2345"]
[BlackElo "2553"]

1.c4 e6 2.Nf3 d5 3.b3 d4 4.g3 c5 5.Bg2 Nc6 6.d3 g6 7.O-O Bg7 8.Na3 Nf6 9.Nc2
O-O 10.Rb1 e5 11.b4 Re8 12.Bg5 Qc7 13.Bxf6 Bxf6 14.bxc5 Be7 15.e3 Bxc5 16.exd4
exd4 17.Rb5 b6 18.Ng5 Bd7 19.Bd5 Rf8 20.Re1 Rae8 21.Ne4 Be7 22.Rb1 Qd8 23.a3
Kg7 24.f4 f5 25.Nd2 Bc5 26.Qf3 Qf6 27.Nb3 Nd8 28.Nxc5 bxc5 29.Rxe8 Rxe8 30.Re1
g5 31.Rxe8 Bxe8 32.Qe2 Bg6 33.Ne1 gxf4 34.gxf4 Nf7 35.Nf3 Bh5 36.Bxf7 Bxf7
37.Ne5 Be8 38.Qg2+ Kf8 39.Qd5 {Here the computer says that White is +2.14 ...
but a possible winning method for White is not clear to a mere human.
_MARK:DIAGRAM_} Qe7 40.Kf1 Kg7 41.Qg2+ Bg6 42.Ke2 Qh4 43.Qg3 Qxg3 44.hxg3 Be8
45.Ke1 Kf6 46.Kd2 Ke6 47.Kc1 Ba4 48.Kd2 Be8 49.Ke1 Kd6 50.Kd2 Bh5 51.Ke1 Bg4
52.Kd2 Bh3 53.Ke1 Bg2 54.Kf2 Bh1 55.Ke2 h5 56.Kf2 Ke6 {#d} 1/2-1/2

[Event "2019 Australian Open"]
[Site "chess24.com"]
[Date "2018.12.29"]
[Round "5.4"]
[White "Ikeda, Junta"]
[Black "Puccini, Jack"]
[Result "1/2-1/2"]
[WhiteElo "2421"]
[BlackElo "2268"]

1.d4 Nf6 2.Nf3 g6 3.c4 Bg7 4.g3 O-O 5.Bg2 d6 6.O-O Nc6 7.Nc3 a6 8.Bf4 Rb8
9.Rc1 b5 10.Nd5 Na5 11.Nxf6+ Bxf6 12.c5 Bg7 13.b3 b4 14.Qd2 Re8 15.Bh6 Bh8
16.Rfd1 Bg4 17.h3 Bxf3 18.Bxf3 d5 19.c6 Rb6 20.Rc5 Nxc6 21.Rxd5 Qc8 22.Be3
Qxh3 23.Rc1 Na7 24.Rg5 Qd7 25.d5 Rb7 26.d6 cxd6 27.Bxb7 Qxb7 28.Rg4 Bc3 29.Qd3
Nc6 30.Qe4 Qd7 31.Rh4 d5 32.Qd3 e5 33.Qxa6 d4 34.Bg5 e4 35.Rd1 Qd5 36.Bc1 d3
37.Be3 Ne5 38.Rf4 Ra8 39.Qb6 {Black has played well after losing the exchange
but now instead of 39...Nd7 or the more obvious 39...Rxa2 with an advantage of
3-4 points he blunders. _MARK:DIAGRAM_} dxe2?? 40.Rxd5 e1=Q+ 41.Kg2 Nf3
42.Rxe4 (42.Rd8+ Rxd8 43.Qxd8+ Kg7 44.Rxe4 {and White wins.}) 42...Qg1+
43.Kxf3 Qh1+ 44.Kf4 Qh6+ 45.Rg5 f6 46.Qe6+ Kh8 47.Rc4 fxg5+ 48.Ke4 Qh1+ 49.f3
Qb1+ 50.Kd5 Qd3+ 51.Kc6 Qd8 52.Bb6 Qf8 53.Kb5 Bg7 54.Rxb4 Re8 55.Qc6 Rc8
56.Qd7 Rb8 57.Rc4 h5 58.Qc6 Qf5+ 59.Ka6 Kh7 60.b4 Qd3 61.a4 Ra8+ 62.Qxa8 Qxc4+
63.Ka5 Bc3 64.Qf8 Qd5+ 65.Bc5 Bg7 66.Qe7 Qxf3 67.b5 Qa8+ 68.Kb4 Qd5 69.b6 Qd2+
70.Kb5 Qd3+ 71.Kc6 Qf3+ 72.Kc7 Qxg3+ 73.Bd6 Qc3+ 74.Kb8 g4 75.b7 g3
{_MARK:DIAGRAM_} 76.Qc7?? (76.Bc5 {and White wins.}) 76...g2 {Now its a draw.}
77.Qxc3 Bxc3 78.Bc5 Be5+ 79.Kc8 h4 80.b8=Q Bxb8 81.Kxb8 h3 82.Bg1 g5 83.a5 g4
84.a6 g3 85.a7 h2 86.a8=Q hxg1=Q 87.Qe4+ Kh6 88.Qe6+ Kg5 89.Qe5+ Kg4 90.Qe4+
{#d} 1/2-1/2

[Event "2019 Australian Open"]
[Site "chess24.com"]
[Date "2018.12.29"]
[Round "5.5"]
[White "Kelly, Adam"]
[Black "Izzat, Kanan"]
[Result "0-1"]
[WhiteElo "2069"]
[BlackElo "2496"]

1.d4 Nf6 2.c4 e6 3.Nc3 Bb4 4.f3 Nc6 5.a3 Bxc3+ 6.bxc3 d6 7.e4 O-O 8.Bg5 e5
9.Ne2 b6 10.Nc1 Qe7 11.Nb3 Nd8 12.Qd2 Ne6 13.Be3 Nh5 14.d5 Nc5 15.Nxc5 bxc5
16.Bd3 g6 17.Bh6 Ng7 18.h4 f5 19.Qg5 Qf7 20.h5 fxe4 21.Bxe4 Bf5 22.hxg6 Qxg6
23.Bxf5 Rxf5 24.Qxg6 hxg6 25.Rb1 e4 26.O-O Re5 27.Rfe1 Rae8 28.Bxg7 Kxg7
29.Rb7 exf3 30.Rxe5 Rxe5 31.gxf3 Re3 32.Rxc7+ Kf6 33.Rd7 Ke5 34.Re7+ Kf4
35.Re6 Rxc3 36.Rxd6 Rxc4 37.Rxg6 Kxf3 {_MARK:DIAGRAM_} 38.Ra6? (38.Rc6 Rg4+
39.Kf1 c4 40.d6 Rh4 41.Kg1 Rd4 42.d7 Rxd7 43.Rxc4) 38...Rc1+ 39.Kh2 Ke4 40.Kg2
Rd1 41.Kf2 Rxd5 42.Rxa7 Kd3 43.Ke1 Kc2 44.Ra5? (44.a4 $10) 44...Re5+?
(44...Rd1+ 45.Ke2 Rd2+ 46.Ke1 c4 {winning.}) 45.Kf2 Kb3 46.Kf3 Kc4 47.Ra4+ Kd3
{_MARK:DIAGRAM_} 48.Kf4?? {The final mistake.  The King is going in the wrong
direction!} (48.Ra5 Re3+ 49.Kf2 Re2+ 50.Kf3 Rc2 51.Ra6 c4 52.Rd6+ Kc3 53.Rc6
Ra2 54.Ke3 Rxa3 55.Ke2 Ra2+ 56.Kd1 {should draw.}) 48...Rd5 49.Re4 Rd4
50.Rxd4+ Kxd4 51.Kf3 Kd3 52.Kf2 c4 53.Ke1 Kc2 54.a4 c3 {#R} 0-1

[Event "2019 Australian Open"]
[Site "chess24.com"]
[Date "2018.12.29"]
[Round "5.8"]
[White "Maguire, Tom"]
[Black "Bjelobrk, Igor"]
[Result "1-0"]
[WhiteElo "2068"]
[BlackElo "2401"]

1.d4 e6 2.c4 d5 3.Nf3 Nf6 4.g3 Bb4+ 5.Bd2 Be7 6.Bg2 O-O 7.O-O c6 8.Qc2 Nbd7
9.Bf4 a5 10.Nbd2 Nh5 11.Be5 f6 12.Bf4 g5 13.Be3 f5 14.Nb3 Nb6 15.Ne5 Bf6
16.cxd5 exd5 17.f4 gxf4 18.gxf4 Kh8 19.Rf3 Qe8 20.Rh3 Rg8 21.Kh1 Nc4 22.Nxc4
dxc4 23.Qxc4 Be6 24.d5 Bf7 25.Qd3 Rxg2 26.Kxg2 Bxd5+ 27.Kf2 a4 28.Qxf5 Be4
29.Qc5 axb3 30.Rxh5 {a complicated position. _MARK:DIAGRAM_} b6?? {Trying to
take advantage of the Q being tied to the R.} (30...Rd8 {and White is only
slightly better.}) 31.Qd6 Bg7 32.Rg5 Rd8 33.Qb4 h6 34.Rxg7?! {Not necessary
but still sufficient to win.} Kxg7 35.Rg1+ Kh7 36.axb3 b5 37.Bd4 Rd7 38.Bc3
Rf7 39.Qd4 Bg6 40.Ke1 Qf8 41.e3 c5 42.Qd5 Qe7 43.Qe5 Qxe5 44.Bxe5 Rd7 45.h4
Bh5 46.Kf2 Rd2+ 47.Kg3 Re2 48.f5 Kg8 49.Kf4+ Kf8 50.Bd6+ Kf7 51.Bxc5 Rxb2
52.e4 Rxb3 53.e5 b4 54.e6+ Kf6 55.Bd4+ Ke7 56.Ke5 Rf3 57.Bb6 Rc3 58.f6+ Kf8
59.Bd8 Re3+ 60.Kf5 {#r} 1-0

[Event "2019 Australian Open"]
[Date "2018.12.30"]
[Round "6.1"]
[White "Cheng, Bobby"]
[Black "Tan, Justin"]
[Result "1/2-1/2"]
[WhiteElo "2510"]
[BlackElo "2502"]

1.d4 Nf6 2.c4 e6 3.Nf3 d5 4.g3 Be7 5.Bg2 O-O 6.Nc3 Nbd7 7.O-O dxc4 8.e4 Nb6
9.Qe2 c5 10.Rd1 Qe8 {_MARK:DIAGRAM_} {#d} 1/2-1/2

[Event "2019 Australian Open"]
[Site "chess24.com"]
[Date "2018.12.29"]
[Round "6.5"]
[White "Izzat, Kanan"]
[Black "Liu, Yi"]
[Result "1-0"]
[WhiteElo "2496"]
[BlackElo "2255"]

1.e4 e6 2.d4 d5 3.Nd2 c5 4.exd5 Qxd5 5.Ngf3 cxd4 6.Bc4 Qd7 7.O-O Nc6 8.Nb3 Nf6
9.Qe2 a6 10.a4 Bd6 11.Bg5 O-O 12.Bxf6 gxf6 13.Nbxd4 Nxd4 14.Nxd4 Bxh2+ 15.Kxh2
Qxd4 16.Ra3 Qe5+ 17.Rg3+ Kh8 18.Qg4 {_MARK:DIAGRAM_} f5?? (18...Qg5 19.Qf3 Qf5
20.Qxf5 exf5 {and White is slightly better.}) 19.Qg5 b5 20.f4 {#r} 1-0

[Event "2019 Australian Open"]
[Site "chess24.com"]
[Date "2018.12.29"]
[Round "6.9"]
[White "Dowden, R. Anthony"]
[Black "Johansen, Darryl K"]
[Result "1/2-1/2"]
[WhiteElo "2044"]
[BlackElo "2345"]

1.c4 c6 2.g3 d5 3.cxd5 cxd5 4.Nf3 Nc6 5.d4 Nf6 6.Bg2 e6 7.O-O Be7 8.Nc3 O-O
9.Bf4 Ne4 10.Rc1 Nxc3 11.Rxc3 Bd7 12.Ne5 Rc8 13.Nxd7 Qxd7 14.Qa4 Bd6
{_MARK:DIAGRAM_} {#d} 1/2-1/2

[Event "2019 Australian Open"]
[Site "chess24.com"]
[Date "2018.12.29"]
[Round "6.10"]
[White "Chow, Samuel"]
[Black "Slater-Jones, Tom"]
[Result "1-0"]
[WhiteElo "2331"]
[BlackElo "2017"]

1.d4 d5 2.Nf3 Nf6 3.g3 c6 4.c4 e6 5.Bg2 Be7 6.O-O O-O 7.Nc3 dxc4 8.Ne5 c5
9.dxc5 Qc7 10.Nxc4 Qxc5 11.Qb3 Nc6 12.Qb5 Nb4 13.Rd1 Qxb5 14.Nxb5 Rd8 15.Rxd8+
Bxd8 16.Bd2 Nbd5 17.Nbd6 Rb8 18.Ne5 Be7 19.Nexf7 Bd7 20.Rd1 Be8 21.Nxe8 Kxf7
22.Nxf6 Bxf6 23.e4 Nb6 24.b3 Rd8 25.Bf3 Nd7 26.Be3 Ne5 27.Be2 Rxd1+ 28.Bxd1
Nc6 29.f4 e5 30.Kf2 Ke6 31.a3 Nd4 32.b4 Kd7 33.Ke1 Kc6 34.Kd2 a6 35.Kd3
{_MARK:DIAGRAM_} a5?? {Black was no doubt focusing on the threat 36.Bxd4 and
37.e5 but he missed ....} 36.fxe5 {#r} 1-0

[Event "2019 Australian Open"]
[Site "chess24.com"]
[Date "2018.12.29"]
[Round "6.2"]
[White "Liu, Xiangyi"]
[Black "Papin, Vasily"]
[Result "0-1"]
[WhiteElo "2439"]
[BlackElo "2483"]

1.e4 c5 2.Nf3 d6 3.d4 Nf6 4.dxc5 Nxe4 5.cxd6 Nc6 6.Nbd2 Nxd6 7.Nc4 e5 8.c3 f6
9.Be3 Be6 10.Qa4 Nf5 11.Rd1 Qc8 12.b4 Nxe3 13.fxe3 Be7 14.Nd6+ Bxd6 15.Rxd6
O-O 16.Rxe6 Qxe6 17.b5 Kh8 18.bxc6 bxc6 19.Qc4 Qd6 20.Be2 Rab8 21.O-O Rfd8
22.Rd1 Qc7 23.Rxd8+ Rxd8 {_MARK:DIAGRAM_} 24.Qc5? (24.Kf2 {and White is
better.}) 24...Qb6 25.Qxb6 axb6 26.a4 Ra8 27.Nd2 (27.Bd1 b5) 27...Rxa4 28.Bf3
Ra3 29.c4 Ra2 30.Nf1 b5 {#R} 0-1

[Event "2019 Australian Open"]
[Site "chess24.com"]
[Date "2018.12.29"]
[Round "6.4"]
[White "Puccini, Jack"]
[Black "Kuybokarov, Temur"]
[Result "0-1"]
[WhiteElo "2268"]
[BlackElo "2513"]

1.e4 e5 2.Nf3 Nc6 3.d4 exd4 4.Nxd4 Nf6 5.Nxc6 bxc6 6.e5 Qe7 7.Qe2 Nd5 8.c4 Nb6
9.Nc3 a5 10.f4 Ba6 11.b3 O-O-O 12.Be3 d5 13.Qg4+ Kb8 14.Bxb6 cxb6 15.cxd5 Bc8
16.Qf3 cxd5 17.O-O-O f6 18.Rxd5 Rxd5 19.Qxd5 Bb7 20.Qb5 fxe5 {_MARK:DIAGRAM_}
21.fxe5?? (21.Qxb6 $10) 21...Qg5+ 22.Kc2 Ba3 23.Be2 Rd8? (23...Rc8!) 24.Rd1
Rxd1 25.Bxd1 Qc1+ 26.Kd3 Bb4 {and White is lost.} 27.Qe8+ Bc8 28.Bc2 Qf1+
29.Kd4 Bc5+ 30.Kd5 Qxg2+ 31.Be4 Qd2+ 32.Kc4 Qd4+ 33.Kb5 Qb4+ 34.Kc6 Qxc3
35.Bf5 Bg1+ 36.Kd5 Qd4+ {#R} 0-1